[Event "Segunda semifinal"]
[Site "?"]
[Date "2008.05.31"]
[Round "2.1"]
[White "Shirov, Alexei"]
[Black "Ivanchuk, Vassily"]
[Result "0-1"]
[WhiteElo "2741"]
[BlackElo "2741"]
[PlyCount "66"]
[EventDate "2008.05.30"]
[EventType "tourn"]
[EventRounds "4"]
[EventCountry "ESP"]
[SourceDate "2008.05.30"]

1. e4 c5 2. Nf3 d6 3. d4 cxd4 4. Nxd4 Nf6 5. Nc3 a6 6. Bg5 {La línea más
agresiva es el arma principal de Shirov contra la Najdorf en los últimos
tiempos.} e6 7. f4 Nbd7 8. Qf3 Qc7 9. O-O-O b5 10. Bd3 ({
las complicaciones que surgen tras} 10. e5 {
suelen conducir a tablas como en la siguiente partida} Bb7 11. Qh3 dxe5 12.
Nxe6 fxe6 13. Qxe6+ Be7 14. Bxb5 axb5 15. Nxb5 Qc6 16. Nd6+ Kd8 17. fxe5 Kc7
18. Qxe7 Rxa2 19. exf6 Ra1+ 20. Kd2 Qd5+ 21. Kc3 Qa5+ 22. Kd3 Qd5+ {
Ivanchuk,V (2731)-Gelfand,B (2727) Sochi 2006}) 10... Bb7 11. Rhe1 Qb6 12. Nb3
Be7 ({Anand jugó} 12... Rc8 {
contra el propio Shirov en Linares este año y ganó una importante partida.} 13.
Qh3 Rxc3 14. bxc3 Qc7 15. Kb1 Be7 16. e5 dxe5 17. f5 Nd5 18. Bxe7 Kxe7 19. fxe6
fxe6 20. Qg3 g6 21. Rd2 Rc8 22. Qg5+ Ke8 23. Qg4 Nxc3+ 24. Ka1 Bd5 25. Re3 Nf6
26. Qh4 Qe7 27. Bf1 Bxb3 28. cxb3 Nce4 29. Rb2 Rc1+ 30. Rb1 Qc5 {
0-1 Shirov,A (2755)-Anand,V (2799) Linares 2008}) 13. Qh3 b4 14. Ne2 h6 ({
da una duradera iniciativa al blanco la captura} 14... Nxe4 15. Bxe7 Kxe7 16.
Ned4) 15. Bh4 ({se había jugado} 15. Ng3 O-O-O 16. Bxf6 Nxf6 17. f5 e5 18. Bc4
d5 {y las negras están bien en la partida Tsarouhas,V (2195)-Georgiev,K (2525)
Poros 1998}) 15... a5 16. Nbd4 O-O 17. g4 {empieza el ataque a la bayoneta, el
problema de las blancas es la defensa del punto e4} Nc5 18. g5 {a pesar de todo
} ({la alternativa es} 18. Ng3 Rac8 19. Kb1 a4 20. e5 {
con grandes complicaciones}) 18... hxg5 19. Bxg5 Bxe4 20. Bxe4 Ncxe4 21. Rg1 {
las blancas tienen un ataque muy peligroso a cambio del peón: !una posición
estilo Shirov!} b3 $1 {Ivanchuk abre líneas contra el rey blanco} ({
resulta lenta} 21... Rfc8 22. Bh6 Bf8 23. Bxg7 $1 Bxg7 24. Qh6 Kf8 25. Rxg7 Ke7
26. Qg6 Rf8 27. Ng3 {y las blancas tienen peligrosas amenazas}) 22. axb3 ({
es pobre para las blancas} 22. Qxb3 Qxb3 23. axb3) 22... a4 23. b4 (23. Bh6 $6
g6 24. Nxe6 $2 {se encuentra} axb3 {y las negras ganan}) 23... Rfb8 $1 {
el ataque de las negras ha llegado antes} 24. c3 (24. Bh6 g6 25. Rxg6+ fxg6 26.
Rg1 d5 27. Rxg6+ Kf7 28. Rg7+ Ke8 {no da nada a las blancas}) 24... a3 25. Bh6
g6 26. f5 axb2+ 27. Kxb2 Nf2 $1 {y las negras comen la torre con jaque} 28. Qg2
Nxd1+ 29. Rxd1 exf5 30. Nxf5 Qa7 {las negras tienen la partida ganada} 31.
Nxe7+ Qxe7 32. Bg5 Qe6 33. Nc1 Ne4 {Shirov abandona. Es dificil decir donde ha
fallado el blanco.  Impecable victoria de Ivanchuk que está a un paso de la
gran final.} 0-1

[Event "Segunda semifinal"]
[Site "?"]
[Date "2008.05.31"]
[Round "3.1"]
[White "Ivanchuk, Vassily"]
[Black "Shirov, Alexei"]
[Result "1/2-1/2"]
[WhiteElo "2741"]
[BlackElo "2741"]
[PlyCount "151"]
[EventDate "2008.05.30"]
[EventType "tourn"]
[EventRounds "4"]
[EventCountry "ESP"]
[SourceDate "2008.05.30"]

1. e4 e5 2. Nf3 Nc6 3. Bb5 a6 4. Ba4 Nf6 5. O-O b5 6. Bb3 Bc5 {una defensa que
Shirov juega regularmente con la que ganó una importante partida a Ivanchuk
que le sirvió para ganar el torneo de Cañada de Calatrava.} 7. a4 Rb8 8. axb5 (
{En la citada partida Ivanchuk jugó} 8. c3 d6 9. d3 {
Ivanchuk,V (2750)-Shirov,A (2715) Cañada de Calatrava 2007}) 8... axb5 9. c3 d6
10. d4 Bb6 11. Na3 O-O 12. Nxb5 Bg4 {nos encontramos en la  línea principal de
este sistema: una posición recurrente en los torneos de élite de los últimos
años.} 13. Bc2 Bxf3 14. gxf3 Nh5 15. f4 Nxf4 ({la alternativa es} 15... Qh4 {
como en la partida Kasimdzhanov,R (2690)-Anand,V (2801) Moscú 2007}) 16. Bxf4
exf4 17. Qg4 Qf6 18. Kh1 ({Magnus Carlsen, contra el propio Shirov, jugó} 18.
Ra6 Ne7 19. Na3 c6 20. Nc4 Bc7 21. Ra7 Rbc8 22. e5 dxe5 23. dxe5 Qh6 24. Rd1
Nd5 25. Be4 {y el joven  fenómeno noruego consiguió ventaja que acabó
convirtiento en victoria. Sin duda Alexei venía preparado contra esto. Carlsen,
M (2733)-Shirov,A (2755) Morelia/Linares 2008}) 18... Ne7 19. Rg1 Ng6 20. Qf5
Qe7 21. Qg5 Qe6 {Alexei ha conseguido igualar la partida, el problema es que
el marcador le obliga a jugar a ganar.} 22. Qg4 Qe7 23. Qg5 Qd7 24. Qf5 Qd8 25.
Qd5 ({Contra} 25. Qg5 c6 26. Qxd8 Rfxd8 27. Na3 Bc7 28. b4 c5 {
podría ser la intención de Shirov pero la posición sigue igualada}) 25... Qh4 {
Alexei gasta su último cartucho} 26. Raf1 Ra8 27. f3 Ra5 28. b4 Ne7 29. Qc4
Raa8 30. Qb3 Ng6 ({interesante es} 30... Qh5 31. Na3 Ng6 {
con idea de llevar el caballo a h4}) 31. Qd5 Ne7 32. Qg5 Qxg5 33. Rxg5 Ra2 34.
Rg2 Rfa8 35. Bb3 Rxg2 36. Kxg2 Kf8 37. Rf2 f5 38. Ra2 Rd8 39. Ra6 (39. c4)
39... fxe4 40. fxe4 g5 41. h3 Kg7 42. Bd1 ({no vale} 42. Nxc7 $2 Bxc7 43. Ra7
Rd7 44. Be6 Nc6 45. Rb7 Re7 {y las negras se quedan con pieza de más.}) 42...
Rb8 43. Bg4 (43. Nxc7 Bxc7 44. Ra7 Bd8 {tampoco funciona}) 43... c5 $1 {
Alexei logra crear complicaciones hasta el último suspiro} 44. Nxd6 cxd4 45.
cxd4 Bxd4 46. b5 Be5 47. Nf5+ $2 ({con} 47. Be2 $1 {las blancas están bien})
47... Nxf5 48. Bxf5 Rxb5 49. Ra7+ Kf6 50. Ra6+ Ke7 51. Ra7+ Kd6 52. Rd7+ Kc6
53. Rxh7 Rb2+ {Las negras tienen ahora la posibilidad real de ganar la partida}
54. Kf1 f3 55. Bd7+ $2 {ahora las negras ganan} (55. Rf7 {es la única defensa}
Bd4 56. e5 $1 {y si} Ra2 57. Be4+ {ganando el peón}) 55... Kc5 56. Rf7 Bf4 $4 (
{Alexei deja escapar la victoria: con} 56... Rb1+ 57. Kf2 Bd4+ $1 58. Kg3 ({
la clave es que no es posible} 58. Kxf3 {por} Rf1+) 58... Rg1+ 59. Kh2 f2 {
y las negras ganan}) 57. Bg4 {Ahora la partida es tablas.} f2 58. Rd7 Be3 59.
Rd1 Bd4 60. Bf3 Rb3 61. Kg2 Rb2 62. Kf1 Rb6 63. e5 Re6 64. Rc1+ Kb6 65. Rc4 Bc5
66. Re4 Re7 67. Be2 Ra7 68. Kg2 Ra1 69. Bf1 Re1 70. Re2 Kc7 71. e6 Kd8 72. e7+
Ke8 73. Rc2 Re5 74. Re2 Rf5 75. Re4 Bxe7 76. Re2 {Y tablas  Una lástima:
Shirov ha estado a punto de darle emoción a la cuarta partida.  Ivanchuk se
proclama finalista de León.} 1/2-1/2

[Event "Segunda semifinal"]
[Site "?"]
[Date "2008.05.31"]
[Round "4.1"]
[White "Shirov, Alexei"]
[Black "Ivanchuk, Vassily"]
[Result "1/2-1/2"]
[WhiteElo "2741"]
[BlackElo "2741"]
[PlyCount "58"]
[EventDate "2008.05.30"]
[EventType "tourn"]
[EventRounds "4"]
[EventCountry "ESP"]
[SourceDate "2008.05.30"]

1. e4 c5 2. Nf3 d6 3. d4 cxd4 4. Nxd4 Nf6 5. Nc3 a6 6. Bg5 e6 7. f4 Nbd7 8. Qf3
h6 {otra de las muchas variantes posibles en este sistema} ({
En la segunda partida del match Ivanchuk jugó} 8... Qc7) 9. Bh4 Be7 10. O-O-O
Qc7 11. Bd3 g5 12. fxg5 Ne5 {una línea que fue popular en los años 70: los GM
Walter Browne y Ljubomir Ljubojevic eran entonces sus principales valedores.
La ausencia del sistema 6.Ag5 de la práctica magistral durante los años 80 y
90 hizo que muchas variantes interesantes dejaran de jugarse.} 13. Qe2 Nfg4 14.
Nf3 hxg5 15. Bg3 Bd7 16. Rhf1 ({es la alternativa principal.} 16. Rdf1) 16...
Qc5 {nos encontramos en territorio muy poco explorado por la teoría} 17. Nxe5
Nxe5 18. Kb1 Rc8 19. Bf2 Qa5 20. Bd4 Rh6 ({pude jugarse} 20... Rxh2 21. Rh1 ({
no da nada} 21. Qf2 Rh7 22. Bb6 {por} Nxd3) 21... Rxh1 22. Rxh1 {
con posición complicada}) 21. h4 $5 Rxh4 22. g3 Rh8 {
Ivanchuk  devuelve el peón, a cambio provoca la  simplificación en e5} (22...
Rh7 23. Rh1 Rxh1 24. Rxh1) 23. Qf2 Rc6 24. Bxe5 Qxe5 25. Qxf7+ Kd8 26. Ne2 Rf8
27. Qh7 Rh8 28. Qf7 Rf8 29. Qh7 Rh8 {y tablas.  Ivanchuk ha mostrado en este
match una excelente preparación contra las líneas más agudas de la siciliana
Najdorf} 1/2-1/2

[Event "Final"]
[Site "?"]
[Date "2008.06.01"]
[Round "1.1"]
[White "Anand, Viswanathan"]
[Black "Ivanchuk, Vassily"]
[Result "0-1"]
[WhiteElo "2803"]
[BlackElo "2741"]
[PlyCount "80"]
[EventDate "2008.06.01"]
[EventType "tourn"]
[EventRounds "4"]
[SourceDate "2008.06.01"]

{La final de la XXI edición del Torneo Magistral Ciudad de León, enfrenta al
campeón del mundo, número 1 del ranking mundial y siete veces ganador en León
Viswanathan  Anand contra el jugador más en forma del momento: el genial GM
ucraniano, reciente vencedor en Sofia y número 2 mundial en la próxima lista
de la FIDE, Vassily Ivanvchuk.  Anand e Ivanchuk son viejos conocidos que
llevan casi dos décadas enfrentándose en los torneos más importantes del mundo.
Las bases de datos recogen 114 enfrentamientos de los cuales 63 han sido a
ritmo clásico y 51 a ritmos rápidos: Anand domina en ambas modalidades por
+15-6=42 y +12-8=31 respectivamente.  Sin duda la Final 2008 en León ofrece
uno de los encuentros más emocionantes que puede disfrutar el buen aficionado.
} 1. e4 c5 2. Nf3 e6 {Ivanchuk es famoso por su enciclopédico conocimiento de
la teoría de aperturas: para la ronda de hoy elige el sistema Scheveningen} 3.
d4 cxd4 4. Nxd4 Nc6 5. Nc3 Qc7 6. Be2 a6 7. O-O Nf6 8. Be3 Be7 9. f4 d6 10. Qe1
({fue tema principal en el ya lejano match Kasparov-Anand jugado en las Torres
Genelas de Nueva York en 1995.} 10. a4) 10... O-O 11. Qg3 Nxd4 12. Bxd4 b5 13.
a3 Bb7 14. Kh1 Rad8 15. Rae1 Rd7 16. Bd3 Re8 17. f5 $5 {
Anand introduce una novedad} ({En partida reciente entre dos jovenes talentos
emergentes se produjo una lucha espectacular.} 17. e5 dxe5 18. Bxe5 Qd8 19. Ne4
Nh5 20. Qe3 Nf6 21. Bxf6 Bxf6 22. Nc5 Bxg2+ 23. Kxg2 Bd4 24. Bxh7+ Kh8 25. Qh3
Bxc5 26. Re5 Bd4 27. Re4 Bf6 28. Qh5 g6 29. Bxg6+ Kg7 30. Qh7+ Kf8 31. Bh5 Rd2+
32. Kh1 Bg7 33. Bxf7 Kxf7 34. f5 Rxh2+ 35. Qxh2 Rh8 36. fxe6+ Ke7 37. Rf7+ Ke8
38. Qxh8+ Bxh8 39. Kg2 Qd5 40. Rff4 Bxb2 41. c4 bxc4 {
0-1 Ni Hua -Jakovenko,D Nizhniy Novgorod 2007}) 17... e5 18. Be3 Kh8 19. Bg5
Nh5 20. Qh4 Bxg5 21. Qxg5 ({No conduce a nada} 21. Qxh5 Bd2 22. Rd1 Bxc3 23.
bxc3 d5 $1 {y las negras están bien.}) 21... Nf6 {
El juego ha sido hasta aquí rapidísimo: Anand 17mn.Ivanchuk 19mn.} 22. Rf3 Qc5
23. Rg3 Rg8 {El enroque del negro es seguro. Ivanchuk domina las sutilezas dee
la posición extraordinarimante e inicia ahora el contrajuego en el flanco de
dama.} 24. Rh3 b4 25. axb4 Qxb4 26. Rb1 Rc7 {
las negras parecen haber creado amenazas muy peligrosas pero...} 27. Rh6 $1 {
Anand encuentra un bonito recurso que mantiene el equilibrio.} d5 $1 {
Ivanchuk juega a ganar:} ({sólo da tablas} 27... Rxc3 28. Rxf6 gxf6 29. Qxf6+
Rg7 30. Qd8+ Rg8 31. Qf6+ {y las blancas dan jaque perpetuo.}) 28. exd5 ({
contra} 28. Rxf6 {las negras evitan las tablas con} Qe7) 28... Qb6 29. Na4 Qd6
30. Rh4 Bxd5 31. Nc3 Rb8 {renovando la amenaza de capturar en c3. Ambos
jugadores tienen 7 minutoa en el reloj para el resto de la partida.} 32. Qc1 {
Anand pasa a la defensiva, las piezas de Ivanchuk están perfectamentecoordinada
s.} e4 $1 {la jugada más agresiva} ({
la alternativa es retirar el alfil con por ejemplo} 32... Ba8) 33. Bxe4 (33.
Nxd5 Qxd5 34. Qf4 Rcc8 35. Bxe4 {es quizás una defensa más tenaz} Nxe4 36. Qxe4
Qxe4 37. Rxe4 Rxc2 {las blancas sostienen el final.}) 33... Nxe4 34. Nxe4 Qc6
35. Qe3 {la posición es incierta: Anand tiene por fin ventaja de tiempo:
Ivanchuk dispone de tan solo 2 mn. para el resto de la partida} Qxc2 36. Rg1 $6
({es mejor} 36. Re1 {aunque tras} f6 {las negras estarian mejor.}) 36... f6 $1
{las negras están mejor tras esta jugada que se adelanta las amenazas blancas.}
37. Qd4 Rd7 {
la mejor jugada, según Rybka la posición es ya muy favorable al negro.} 38.
Nxf6 $2 gxf6 39. Qxf6+ Rg7 40. Rg4 Qxb2 $1 {el detalle que se le ha escapado a
Anand.  Las blancas abandonan.  Una lección magistral de Ivanchuk.} 0-1

[Event "Final"]
[Site "?"]
[Date "2008.06.01"]
[Round "2.1"]
[White "Ivanchuk, Vassily"]
[Black "Anand, Viswanathan"]
[Result "0-1"]
[WhiteElo "2741"]
[BlackElo "2803"]
[PlyCount "52"]
[EventDate "2008.06.01"]
[EventType "tourn"]
[EventRounds "4"]
[SourceDate "2008.06.01"]

1. e4 c5 2. Nf3 d6 3. d4 cxd4 4. Nxd4 Nf6 5. Nc3 a6 {
Anand suele utilizar la Najdorf cuando necesita ganar con negras.} 6. Be3 e5 7.
Nf3 {Ivanchuk elige una continuación sólida que ya ha empleado en ocasiones
anteriores} Be7 8. Bc4 O-O 9. O-O Qc7 ({Topalov jugó contra Ivanchuk} 9... Be6
{y aqui el GM ucraniano introdujo una original maniobra} 10. Bxe6 fxe6 11. Na4
Ng4 12. Qd3 Nxe3 13. Qxe3 b5 14. Nb6 Ra7 15. Nd5 Rb7 16. Qd2 Nc6 17. Rad1 Rd7
18. Qc3 Nb8 19. Nxe7+ Qxe7 20. Rd3 {con ventaja blanca, que Ivanchuk convirtió
en un punto en la partida Ivanchuk,V -Topalov,V  Morelia/Linares 2007}) 10. Bb3
Be6 11. Qd2 Rc8 12. Ng5 Bc4 13. f4 $5 {Ivanchuk juega en gran estilo asumiendo
muchos riesgos a pesar de que el marcador le favorece: Todo un regalo para el
público.} ({la jugada normal es evidentemente} 13. Rfd1) 13... Nbd7 ({no} 13...
Bxf1 $2 14. Bxf7+ Kh8 15. Rxf1 {con gran ventaja blanca}) (13... h6 14. Nf3
Bxf1 15. Rxf1 {las blancas tienen compensación a largo por la calidad}) 14.
fxe5 dxe5 15. Rf5 Bb4 {Anand se ha defendido con gran ingenio su posición está
fuera de peligro y ofrece buenas posibilidades de hacerse con la iniciativa.}
16. Rd1 Rd8 $1 {Las negras están ya mejor debido a la dificultad de las
blancas para coordinar la acción de sus piezas.  Los relojes indican que ambos
jugadores disponen de 13 mn. para el resto de la partida.} ({
las negras no ganan material tras} 16... Bxb3 17. axb3 Bxc3 18. bxc3 Qxc3 {
por que las blancas tienen} 19. Nxf7 $1) 17. Qe1 h6 18. Nf3 Be6 $1 ({contra} 
18... Nxe4 $6 {las blancas tienen el recurso} 19. Nd5 $1 Bxd5 20. Qxb4 {
con posición complicada.}) 19. Qg3 Bxf5 {
por fin Anand gana la calidad su posición es ahora muy favorable.} 20. exf5 Bc5
21. Bxc5 Nxc5 22. Re1 Nxb3 23. axb3 b5 24. h3 Rac8 25. Nxe5 Re8 26. b4 Qd6 {
Ivanchuk abandona: el match está al rojo vivo.} 0-1

[Event "Final"]
[Site "?"]
[Date "2008.06.01"]
[Round "3.1"]
[White "Anand, Viswanathan"]
[Black "Ivanchuk, Vassily"]
[Result "1/2-1/2"]
[WhiteElo "2803"]
[BlackElo "2741"]
[PlyCount "111"]
[EventDate "2008.06.01"]
[EventType "tourn"]
[EventRounds "4"]
[SourceDate "2008.06.01"]

1. e4 c5 2. Nf3 e6 3. d4 cxd4 4. Nxd4 Nc6 5. Nc3 Qc7 6. Be2 a6 7. O-O Nf6 8.
Be3 Be7 9. f4 d6 10. Qe1 O-O 11. Qg3 Nxd4 12. Bxd4 b5 13. a3 Bb7 14. Rae1 Rad8
15. Bd3 {variando ligeramente el orden empleado en la primera} Rfe8 16. Kh1 Rd7
{finalmente por transposición se ha llegado a la misma posición que el la
primera partida} 17. Nd1 {Anand intenta un nuevo plan en lugar de 17.f5 que
resultó inofensiva para las negras.} g6 ({también se puede jugar inmediatamente
} 17... d5 {después de por ejemplo:} 18. Be5 (18. e5 Ne4 19. Qe3 Rc8 {
y las negras tienen todo bajo control.}) 18... Qd8 19. exd5 Bxd5 20. Ne3 Bc6 {
y la posición mantiene un tenso equilibrio.}) 18. Bc3 ({se había jugado} 18. f5
e5 19. Bc3 Kh8 20. Ne3 Bxe4 21. fxg6 Bxg6 22. Nf5 Nd5 {y las negras acabaron
ganando tras oscuras complicaciones en la partida Socko,B -Ftacnik,L  Graz
2008}) 18... Nh5 19. Qh3 Bf6 20. e5 $5 {empieza el baile} dxe5 21. fxe5 Bg5 22.
Qg4 Qd8 23. Nf2 Bh4 24. Re2 Qg5 $6 {
una decisión precipitada : el final resultante es favorable a las blancas.} 25.
Qxg5 Bxg5 26. Ne4 Bxe4 27. Rxe4 {Las blancas están mejor gracias a la pareja
de alfiles y sobre todo a la posible ruptura a4 que dejará muy débil el flanco
de dama de las negras.} Rc8 28. g4 $1 {dejando el caballo sin juego} Ng7 29. a4
$1 {golpeando los puntos débiles de las negras.} Rd5 30. axb5 axb5 31. Ra1 Be7
32. Ra7 b4 $1 {la mejor defensa: antes de que las blancas jueguen Tb7} 33. Bxb4
Bxb4 34. Rxb4 Rxe5 35. Rbb7 Rf8 36. b4 Ne8 37. Rb8 $6 (37. Ra5 Re1+ 38. Kg2 Nf6
39. Kf3 {y las blancas están mejor}) 37... Nf6 38. Rxf8+ Kxf8 39. b5 Nxg4 40.
b6 Nf2+ 41. Kg1 Nxd3 42. b7 Re1+ $1 {
es importante que rey esté en g2 para dar un doble en e1} 43. Kg2 Rb1 44. cxd3
(44. Ra8+ Kg7 45. b8=Q Rxb8 46. Rxb8 Ne1+ 47. Kf2 Nxc2 {
y las negras están mejor}) 44... Kg7 45. Kf3 Rb4 46. d4 $1 {
Las blancas llevan rápidamente el rey en ayuda del peón de b7} g5 47. Ke4 Kf6
48. Kd3 h5 49. Kc3 Rb1 50. Kc4 g4 51. Kc5 h4 52. Kc6 Rc1+ 53. Kd6 Rb1 54. Kc6
Rc1+ 55. Kd6 Rb1 56. Kc6 {Las blancas no pueden jugar a ganar} ({
veamos una línea ilustrativa} 56. Kc7 Rc1+ 57. Kb8 g3 58. hxg3 hxg3 59. Ra2 Kg5
60. Rb2 f5 61. Ka7 Rc7 62. Ka6 Rxb7 63. Rxb7 f4 64. Rg7+ Kh4 65. Rf7 Kg4 {
y los peones negros decidirían la lucha.}) 1/2-1/2

[Event "Final"]
[Site "?"]
[Date "2008.06.01"]
[Round "4.1"]
[White "Ivanchuk, Vassily"]
[Black "Anand, Viswanathan"]
[Result "1-0"]
[WhiteElo "2741"]
[BlackElo "2803"]
[PlyCount "31"]
[EventDate "2008.06.01"]
[EventType "tourn"]
[EventRounds "4"]
[SourceDate "2008.06.01"]

1. d4 {Ivanchuk domina por igual todas las aperturas.} Nf6 2. c4 e6 3. Nc3 Bb4
4. e3 {Un sistema que se ve menos entre la elite que 4.Dc2 que se ha
convertido en el arma principal contra la defensa Nimzoindia.} O-O 5. Bd3 d5 6.
Nf3 c5 7. O-O dxc4 8. Bxc4 Nbd7 9. Qe2 cxd4 10. exd4 b6 11. d5 (11. Bg5 Bb7 {
nos llevaría a una posición clásica muy del gusto por el ex-campeón mundial
Anatoly Karpov.}) 11... Nc5 $2 {Un error . Ivanchuk trae preparada una fuerte
novedad contra lo  hasta ahora aceptado como correcto por la teoría} ({
el camino más seguro nos lo muestra Anatoly Karpov en la siguiente partida} 
11... Bxc3 12. dxe6 Bb4 13. exd7 Qxd7 14. a3 Bd6 15. Rd1 Qc7 16. h3 Bb7 17. Be3
Rae8 18. Rac1 Qb8 19. Bb5 Re7 20. Bc6 $1 {y aquí las negras debieron jugar} Bf4
$1 21. Bxf4 Rxe2 22. Bxb8 Rxb8 23. Nd4 Re5 $1 $11 {con igualdad según los
analisis de la partida Portisch,L-Karpov,A San Antonio 1972.}) 12. Rd1 Qe8 13.
Nb5 $1 exd5 $2 {esta es la jugada perdedora} (13... Na6 14. d6 {
es muy favorable al blanco pero mejor que la continuación de la partida}) 14.
Nc7 Qe4 15. Rd4 $1 {una fuerte novedad que  recomienda el ordenador  y que
refuta la defensa negra. Ivanchuk ha encontrado un hueco increible en la
preparación del campeón del mundo.} ({Hasta aquí se había jugado las blancas
jugaron en una antigua partida del GM inglés Stuart Conquest} 15. Nxd5 {y tras}
Qxe2 16. Nxf6+ gxf6 17. Bxe2 Ba6 18. Bxa6 Nxa6 {
la partida acabó en tablas tras 42 jugadas Conquest,S -Zaichik,G Tbilisi 1988})
15... Qg6 (15... Qxe2 16. Bxe2 {y las negras pierden material}) 16. Nh4 {
Anand abandona.  Ivanchuk Campeón del XXI torneo Magistral Ciudad de León.} 1-0